000 00567nam a22001937a 4500
005 20260402100015.0
008 251013b |||||||| |||| 00| 0 eng d
020 _a9780070634190
040 _cAL
041 _aEnglish
082 _a510.2462
_bRAMH
100 _aB V Ramana
_9260090
245 _aHigher Engineering Mathematics
260 _aChennai
_bMcGraw hill education Private Limited
_c2022
300 _a1400 p.
_bPB
_c24x18 cm.
365 _aABDI/0818/25
_b₹843.75
_c
_d₹1125.00
_e25%
_f03-10-2025
650 _aEngineering
_9242151
942 _2ddc
_cBK
999 _c240541
_d240541